<?xml version="1.0" encoding="UTF-8"?>
<record
    xmlns:xsi="http://www.w3.org/2001/XMLSchema-instance"
    xsi:schemaLocation="http://www.loc.gov/MARC21/slim http://www.loc.gov/standards/marcxml/schema/MARC21slim.xsd"
    xmlns="http://www.loc.gov/MARC21/slim">

  <leader>00786nam a22002417a 4500</leader>
  <datafield tag="999" ind1=" " ind2=" ">
    <subfield code="c">106646</subfield>
    <subfield code="d">106646</subfield>
  </datafield>
  <controlfield tag="005">20200212154115.0</controlfield>
  <datafield tag="010" ind1=" " ind2=" ">
    <subfield code="a">A-681956</subfield>
  </datafield>
  <datafield tag="020" ind1=" " ind2=" ">
    <subfield code="c">80.00</subfield>
  </datafield>
  <datafield tag="035" ind1=" " ind2=" ">
    <subfield code="a">A-681956</subfield>
  </datafield>
  <datafield tag="037" ind1=" " ind2=" ">
    <subfield code="b">Cen Lib/Ret</subfield>
  </datafield>
  <datafield tag="082" ind1=" " ind2=" ">
    <subfield code="a">841.08</subfield>
  </datafield>
  <datafield tag="100" ind1=" " ind2=" ">
    <subfield code="a">&#x6A9;&#x627;&#x644;&#x6CC; &#x62F;&#x627;&#x633; &#x6AF;&#x67E;&#x62A;&#x627; &#x631;&#x650;&#x636;&#x627;</subfield>
  </datafield>
  <datafield tag="245" ind1=" " ind2=" ">
    <subfield code="a">&#x63A;&#x627;&#x644;&#x628; &#x6A9;&#x6CC; &#x628;&#x639;&#x636; &#x62A;&#x635;&#x627;&#x646;&#x6CC;&#x641; &#x6A9;&#x6D2; &#x628;&#x627;&#x631;&#x6D2; &#x645;&#x6CC;&#x6BA; /</subfield>
    <subfield code="c">&#x6A9;&#x627;&#x644;&#x6CC; &#x62F;&#x627;&#x633; &#x6AF;&#x67E;&#x62A;&#x627; &#x631;&#x636;&#x627;</subfield>
  </datafield>
  <datafield tag="246" ind1=" " ind2=" ">
    <subfield code="a">Ghalib ki baaz tasanif ke Baare mein /</subfield>
    <subfield code="b">by Kaali Das Gupta Riza </subfield>
  </datafield>
  <datafield tag="260" ind1=" " ind2=" ">
    <subfield code="a">&#x645;&#x645;&#x628;&#x626;&#x6CC;</subfield>
    <subfield code="b">&#x633;&#x631;&#x6A9;&#x627;&#x631; &#x67E;&#x628;&#x644;&#x6A9;&#x634;&#x627;&#x646;&#x633; </subfield>
    <subfield code="c">1990 &#x621;</subfield>
  </datafield>
  <datafield tag="270" ind1=" " ind2=" ">
    <subfield code="b">&#x645;&#x645;&#x628;&#x626;&#x6CC;</subfield>
    <subfield code="a">&#x62C;&#x648;&#x644;&#x6CC; &#x628;&#x6BE;&#x648;&#x6BA;  </subfield>
  </datafield>
  <datafield tag="300" ind1=" " ind2=" ">
    <subfield code="a">183p.</subfield>
    <subfield code="c">21cm(Hb)</subfield>
  </datafield>
  <datafield tag="650" ind1=" " ind2=" ">
    <subfield code="a">&#x6C1;&#x646;&#x62F;&#x6CC; &#x627;&#x62F;&#x628; </subfield>
  </datafield>
  <datafield tag="650" ind1=" " ind2=" ">
    <subfield code="a">&#x6C1;&#x646;&#x62F;&#x6CC; &#x646;&#x638;&#x645;   </subfield>
  </datafield>
  <datafield tag="650" ind1=" " ind2=" ">
    <subfield code="a">Hindi literature </subfield>
  </datafield>
  <datafield tag="650" ind1=" " ind2=" ">
    <subfield code="a">Hindi poetry</subfield>
  </datafield>
  <datafield tag="942" ind1=" " ind2=" ">
    <subfield code="2">ddc</subfield>
    <subfield code="c">UR</subfield>
    <subfield code="h">841.08</subfield>
    <subfield code="m">&#x63A; &#x627; &#x644;</subfield>
  </datafield>
  <datafield tag="952" ind1=" " ind2=" ">
    <subfield code="0">0</subfield>
    <subfield code="1">0</subfield>
    <subfield code="4">0</subfield>
    <subfield code="7">0</subfield>
    <subfield code="a">L</subfield>
    <subfield code="b">L</subfield>
    <subfield code="d">2015-12-28</subfield>
    <subfield code="e">Cen Lib/Ret</subfield>
    <subfield code="g">80.00</subfield>
    <subfield code="l">1</subfield>
    <subfield code="o">841.08 &#x63A; &#x627; &#x644;</subfield>
    <subfield code="p">A-681956</subfield>
    <subfield code="r">2020-02-11 00:00:00</subfield>
    <subfield code="s">2020-01-11</subfield>
    <subfield code="t">1</subfield>
    <subfield code="v">80.00</subfield>
    <subfield code="w">2015-12-28</subfield>
    <subfield code="y">UR</subfield>
  </datafield>
</record>
